| 000 | 00380 a2200169 4500 | ||
|---|---|---|---|
| 001 | 175174 | ||
| 020 | _a85-16-01779-6 | ||
| 040 | _cMagnum | ||
| 100 | _aSouza, Edgard Rodrigues de | ||
| 240 | 1 | 0 |
_aDesenho & pintura _lpor |
| 245 | 1 | 0 | _aDesenho & pintura |
| 300 | _a88 | ||
| 362 | 0 | _a1977 | |
| 440 | 1 | _aModerna | |
| 697 | _aTÉCNICAS, EQUIPAMENTOS E MATERIAIS | ||
| 942 | _cBK | ||
| 999 |
_c175174 _d175174 |
||